| 000 | 01598nam a22004337a 4500 | ||
|---|---|---|---|
| 001 | 000095221 | ||
| 003 | CHAP | ||
| 005 | 20220329143100.0 | ||
| 008 | 060215d2005 mx r 00110 spa d | ||
| 010 | _a91687 | ||
| 011 | _a92659 | ||
| 035 | _a103224 | ||
| 040 | _cCHAP | ||
| 090 | _aTesis | ||
| 100 | 1 |
_aEspinosa Vazquez, Hiber. _938005 |
|
| 245 | 1 | 0 |
_aDiseño y construcción de una máquina de clasificación automática por tamaño para mango ataulfo / _c/por Hiber Espinosa Vázquez y Luis Alberto Ruiz Ochoa. |
| 260 |
_aChapingo, Méx. : _bEl autor, _c2005. |
||
| 300 |
_a79 h. : _banexo ; ilus. |
||
| 502 | _aTesis (Ing. Mec. Agric.) -- UACH. Ingeniería Mecánica Agrícola | ||
| 590 |
_aALEPH _b10 _c20130110 _lUCH01 _h1509 |
||
| 590 |
_aBATCH-UPD _b10 _c20130110 _lUCH01 _h0453 |
||
| 590 |
_aBATCH-UPD _b10 _c20130410 _lUCH01 _h0131 |
||
| 590 |
_aBATCH-UPD _b10 _c20130914 _lUCH01 _h1321 |
||
| 590 |
_aBATCH-UPD _b10 _c20140324 _lUCH01 _h1453 |
||
| 590 |
_aBATCH-UPD _b10 _c20141002 _lUCH01 _h0828 |
||
| 590 |
_aCONVERSION _b10 _c20130109 _lUCH01 _h1351 |
||
| 590 |
_aE792CSJ _b10 _c20130611 _lUCH01 _h1410 |
||
| 650 | 1 | 4 |
_aMango _xImplementos y maquinaria. _970425 |
| 650 | 1 | 4 |
_aMango _xPeso y tamaño. _970442 |
| 650 | 1 | 4 |
_aMaquinaria _xDiseño. _971143 |
| 700 | 1 |
_aRuiz Ochoa, Luis Alberto. _9100749 |
|
| 856 |
_3Finding aid _uhttp://10.13.5.2/tesis/103224.pdf _zTeclea aquí |
||
| 901 | _aBK | ||
| 905 | _aLilia | ||
| 942 | _cCD | ||
| 942 | _n0 | ||
| 949 |
_aTesis _bBC _cTES _d33724000968160 _eTS1 _h44619 _i103224 _sb |
||
| 949 |
_aTesis _bBC _cTES _d33724000968228 _eTS2 _fc.2 _h44620 _i103224 _sb |
||
| 999 |
_c91687 _d91687 |
||